Popieranie klimatických zmien ako výzva environmentálnej diplomacie
Vzhľadom na silnejúce pozície niektorých krajne pravicových politických subjektov v Európe je nevyhnutná hlbšia analýza ich environmentálnej agendy, keďže môžu brániť formovaniu spoločenského a politického konsenzu v enviromentálnej oblasti.
Enregistré dans:
| Auteur principal: | |
|---|---|
| Format: | Chapitre de livre |
| Langue: | slovaque |
| Sujets: | |
| Tags: |
Pas de tags, Soyez le premier à ajouter un tag!
|
MARC
| LEADER | 00000nla a2200000 4500 | ||
|---|---|---|---|
| 001 | 0241212 | ||
| 005 | 20240502073926.7 | ||
| 041 | 0 | |a slo | |
| 044 | |a SK | ||
| 245 | 1 | 0 | |a Popieranie klimatických zmien ako výzva environmentálnej diplomacie |c Marianna Dudášová |
| 520 | |a Vzhľadom na silnejúce pozície niektorých krajne pravicových politických subjektov v Európe je nevyhnutná hlbšia analýza ich environmentálnej agendy, keďže môžu brániť formovaniu spoločenského a politického konsenzu v enviromentálnej oblasti. | ||
| 610 | 2 | 0 | |a prostredie životné |
| 610 | 2 | 0 | |a environmentalistika |
| 610 | 2 | 0 | |a zmeny klimatické |
| 610 | 2 | 0 | |a dohody medzinárodné |
| 610 | 2 | 0 | |a projekty medzinárodné |
| 610 | 2 | 0 | |a politika medzinárodná |
| 610 | 2 | 0 | |a strany politické |
| 610 | 2 | 0 | |a Európa |
| 610 | 2 | 0 | |a Amerika |
| 100 | 1 | |a Dudášová, Marianna | |